[Event "EIWCC 2017"]
[Site "Riga"]
[Date "2017.04.12"]
[Round "2"]
[White "Galliamova, Alisa"]
[Black "Worek, Joanna"]
[Result "1-0"]
[WhiteElo "2444"]
[BlackElo "2330"]
[Annotator "TA"]
[PlyCount "91"]
[EventDate "2017.??.??"]
[EventType "swiss"]
[EventCountry "LAT"]
[SourceTitle "playchess.com"]
[Source "ChessBase"]
[SourceQuality "1"]

{[%evp 13,91,40,39,37,97,82,86,79,85,72,72,72,72,70,70,70,70,75,70,62,68,62,62,61,62,61,61,62,54,60,61,59,61,57,62,56,56,60,60,55,63,55,79,79,79,79,79,79,79,69,72,72,190,79,241,216,218,216,186,26,268,268,266,265,251,159,160,26,243,241,222,184,279,279,262,277,262,255,5908,5496]} 1. Nf3 Nf6 2. g3 g6 3. b3 Bg7 4. Bb2 c5 5. c4 O-O 6. Bg2 d6 7. d4 Ne4 8. O-O {E60: King's Indian: Unusual lines and Fianchetto Variation without Nc3} Bf5 (8... Nc6 $14) (8... Nc6 9. h3 Bf5 10. e3 Nf6 11. Nc3 cxd4 12. Nxd4 Bd7 13. Qe2 a6 14. Rfd1 Rc8 15. Rac1 Qa5 16. a3 Rfe8 {1-0 (33) Kramnik,V (2783)-Caruana,F (2811) Zuerich 2015}) 9. Nfd2 $146 (9. Nh4 $5 {creates asymmetry.} cxd4 10. Bxd4 Nc6 11. Bxg7 Kxg7 12. Bxe4 Bxe4 13. Nc3) (9. Nh4 Qd7 10. Nxf5 Qxf5 11. Qc2 Nc6 12. Bxe4 Nb4 13. Bxf5 Nxc2 14. Bxc2 {1-0 (14) Polgar,Z (2557)-Anderson,G (1420) Saltwater 2004}) 9... Nxd2 10. Qxd2 {White is better.} ({Much worse is} 10. Nxd2 Nc6 $11) 10... Nc6 {[%cal Rc5d4]} 11. Bxc6 (11. d5 $5 {creates asymmetry.} Bxb2 12. Qxb2 Na5 13. e4 Bd7 14. e5) 11... bxc6 12. dxc5 dxc5 {[#] Threatens to win with ...Qxd2.} 13. Qxd8 Rfxd8 14. Bxg7 Bxb1 15. Bh6 Bf5 16. f3 a5 17. g4 Be6 18. Be3 f6 19. Rfd1 Kf7 20. Bxc5 a4 21. Rac1 axb3 22. axb3 Rdb8 23. Rd3 Ra2 24. Kf2 g5 25. Re3 h5 26. h3 h4 27. Rcc3 Ra5 28. b4 Ra1 29. Re4 $36 {[%mdl 2048] Black is under strong pressure.} Rd8 30. b5 cxb5 31. cxb5 Rb1 32. b6 Rdd1 (32... Rc8 $16) 33. Kg2 (33. Ra4 $18 {and White stays clearly on top.}) 33... Re1 $2 (33... Rd2 $16 {was called for.}) 34. Bf2 Red1 35. Rc7 {Strongly threatening Bc5.} Rd7 {[#]} 36. Rc8 $2 ({White should play} 36. Rxd7 $1 $18 Bxd7 37. Bc5) 36... f5 $2 (36... Rb2 $11 {and Black stays safe.}) 37. gxf5 $18 Bxf5 38. Re5 Kf6 39. Ra5 {And now Rf8+ would win.} Be6 40. Rc6 ({Better is} 40. Be3 $16) 40... Rd6 $2 (40... Rd2 $11) 41. Rxd6 exd6 42. Be3 Bf5 (42... Bc4 $142 43. Kf2 (43. Bxg5+ Ke6 44. f4 d5 $16) (43. Rxg5 Bxe2 44. Kf2 Bc4 $16) 43... Ke6) 43. Bd4+ Kg6 44. Rd5 Bc8 45. Rxd6+ Kh5 $2 (45... Kf7 46. Rd5 Kg6) 46. Bg7 1-0

[Event "EIWCC 2017"]
[Site "Riga"]
[Date "2017.04.12"]
[Round "2"]
[White "Zhukova, Natalia"]
[Black "Malakhova, Elizaveta"]
[Result "1-0"]
[WhiteElo "2438"]
[BlackElo "2324"]
[Annotator "TA"]
[PlyCount "85"]
[EventDate "2017.??.??"]
[EventType "swiss"]
[EventCountry "LAT"]
[SourceTitle "playchess.com"]
[Source "ChessBase"]
[SourceQuality "1"]

{[%evp 19,85,47,49,43,51,31,70,54,67,83,97,16,35,29,132,131,91,57,158,204,154,111,100,91,87,106,123,135,119,117,277,289,290,287,283,265,326,315,308,304,296,301,273,316,295,312,308,308,786,495,494,471,429,345,522,505,2392,2363,1945,1115,1054,0,1950,1917,29983,29984,29984,29985]} 1. d4 e6 2. c4 f5 3. Nf3 Nf6 4. g3 Be7 5. Bg2 O-O 6. O-O d6 7. Nc3 Qe8 8. Qc2 Qh5 9. b4 {[%cal Bb2b4,Bb4b5][%mdl 32]} Nc6 10. b5 Nd8 11. a4 {A98: Classical Dutch: Fluid Systems: 7 Nc3 Qe8 8 Qc2} Nf7 12. Ba3 (12. e4 e5 {½-½ (12) Khetsuriani,B (2361)-Nikolaidis,I (2520) Athens 2005}) 12... g5 13. e4 $146 {White is slightly better.} (13. Rfd1 g4 14. Ne1 Ng5 15. Nd3 Qf7 16. Nf4 Rb8 17. a5 Bd7 18. Rab1 c6 {½-½ (50) Hamm,G (2124)-Monte,P (2102) Dresden 2010}) 13... g4 14. Nd2 e5 15. f4 (15. dxe5 $16 Nxe5 16. Nd5 Nxd5 17. cxd5) 15... gxf3 $1 $11 (15... exd4 $6 16. Nd5 Nxd5 17. cxd5 $16) 16. Nxf3 {Black must now prevent dxe5.} Ng4 (16... fxe4 $11 17. Nxe5 (17. Nxe4 Bf5 18. Nh4 Bxe4 19. Bxe4 Nxe4 20. Qxe4 Ng5 21. Qxb7 Nh3+ 22. Kh1 Bxh4 23. gxh4 Rxf1+ 24. Rxf1 Nf2+ 25. Kg1 Nh3+ 26. Kg2 Qg4+ 27. Kh1 Nf2+ 28. Rxf2 Qd1+ 29. Kg2 Qg4+ 30. Kh1 Qd1+ 31. Kg2 Qg4+ 32. Kh1 $11) 17... Be6) 17. Nd5 $16 Bg5 18. h3 $36 {[%mdl 2048] White fights for an advantage.} (18. Nxc7 Be3+ 19. Kh1 f4 20. gxf4 (20. Nxa8 fxg3 21. Bb2 Nxh2 22. Bh3 Nxf1 23. Qg2 Bxh3 24. Rxf1 Bxg2+ 25. Kxg2 Ng5 26. Nh4 Rxf1 27. Kxf1 Qd1+ 28. Kg2 Qg1#) 20... Bxf4 $11) 18... Be3+ ({Black should play} 18... Ne3 $14 19. Nxg5 Nxc2 20. Nf6+ Kh8 21. Nxh5 Nxg5) 19. Kh1 f4 20. Nh2 (20. Nxc7 $2 fxg3 21. Qe2 (21. Nxa8 $2 {too greedy.} Nf2+ 22. Rxf2 Bxh3 23. Bxh3 gxf2 $19) 21... Nf2+ 22. Rxf2 Bxf2 $19) 20... Qh6 21. gxf4 Nxh2 22. Kxh2 Bxf4+ 23. Nxf4 exf4 24. Bc1 Ng5 $2 (24... Nh8 $16) 25. Ra3 $18 ({Weaker is} 25. Rxf4 Rxf4 26. Bxf4 Nf3+ 27. Kg3 Nxd4 28. Bxh6 Nxc2 $18) 25... Qh4 26. Qf2 Qxf2 27. Rxf2 Ne6 28. d5 Nc5 29. Bxf4 {[#] Threatens to win with Rg3+.} Rf6 30. Rg3+ Rg6 31. e5 Rxg3 32. Bxg3 dxe5 33. Bxe5 Nxa4 $2 (33... Nd3) 34. Bxc7 Bd7 35. d6 Nc5 36. Bd5+ Kg7 (36... Be6 $142 37. d7 Bxd5 38. d8=Q+ (38. cxd5 Nxd7 39. Re2 Rf8 $14) 38... Rxd8) 37. Ba5 {[#] aiming for Bc3+.} Re8 (37... Be6 $142 38. Bxe6 Nxe6) 38. Bc3+ Kh6 39. Bd2+ Kg7 40. Bc3+ (40. b6 $142) 40... Kh6 41. Rg2 {White wants to mate with Bg7+.} Ne4 42. Bg7+ Kh5 43. Bf7+ 1-0

[Event "EIWCC 2017"]
[Site "Riga"]
[Date "2017.04.12"]
[Round "2"]
[White "Atalik, Ekaterina"]
[Black "Cosma, Elena-Luminita"]
[Result "1-0"]
[WhiteElo "2429"]
[BlackElo "2316"]
[Annotator "TA"]
[PlyCount "77"]
[EventDate "2017.??.??"]
[EventType "swiss"]
[EventCountry "LAT"]
[SourceTitle "playchess.com"]
[Source "ChessBase"]
[SourceQuality "1"]

{[%evp 25,77,7,8,3,8,0,0,0,0,-8,9,0,0,0,5,8,9,0,4,8,11,9,11,13,16,20,26,16,25,9,12,10,98,98,84,85,87,58,230,230,225,226,232,210,244,252,235,244,284,276,874,863,29986,29987]} 1. d4 d5 2. c4 c6 3. Nc3 Nf6 4. Nf3 e6 5. e3 Nbd7 6. Qc2 b6 7. b3 Bb7 8. Bb2 Be7 9. Be2 O-O 10. O-O Qc7 {D45: Semi-Slav: 5 e3} 11. Rac1 Rac8 12. Rfd1 Rfd8 13. Qb1 Qb8 {LiveBook: 8 Games} 14. h3 h6 15. cxd5 cxd5 16. Bd3 a6 $146 (16... Qa8 17. Nd2 a6 18. f4 {0-1 (36) Scheffner,A (2318)-Roiz,M (2637) Plovdiv 2010}) 17. Ne2 Bd6 18. Rxc8 Rxc8 19. Rc1 Rc7 20. Rxc7 Qxc7 21. Qc2 Qxc2 22. Bxc2 Kf8 23. Ne5 Ke7 24. f3 Ne8 25. Kf2 Nb8 26. g4 (26. h4 $5 {is interesting.} g6 27. Bd3 Nc6 28. a3 b5 29. g4) 26... Nc6 27. Nxc6+ Bxc6 28. e4 f6 (28... dxe4 $11 29. fxe4 b5) 29. e5 $16 fxe5 30. dxe5 Bc5+ 31. Nd4 Nc7 $2 {[#]} (31... Bd7 $14) 32. b4 $1 $18 {[%cal Rb4c5][%mdl 512]} Bxd4+ (32... Bxb4 33. Nxc6+) 33. Bxd4 {[%mdl 4096] Endgame KBB-KBN} Na8 34. a4 Be8 35. f4 {[%cal Bf3f4,Bf4f5,Bf5f6][%mdl 32]} g6 36. Bd3 Bxa4 37. Bxg6 ({Resist} 37. Bxa6 $6 Bc6 38. Bd3 Kf7 $18) 37... Bb3 $2 {[#]} (37... Be8) 38. f5 Bd1 39. f6+ 1-0

[Event "EIWCC 2017"]
[Site "Riga"]
[Date "2017.04.12"]
[Round "2"]
[White "Mkrtchian, Lilit"]
[Black "Drljevic, Ljilja"]
[Result "1/2-1/2"]
[WhiteElo "2425"]
[BlackElo "2237"]
[Annotator "TA"]
[PlyCount "39"]
[EventDate "2017.??.??"]
[EventType "swiss"]
[EventCountry "LAT"]
[SourceTitle "playchess.com"]
[Source "ChessBase"]
[SourceQuality "1"]

{[%evp 23,39,44,35,34,67,23,89,83,87,53,46,0,107,0,50,0,88,0]} 1. d4 g6 2. c4 Bg7 3. Nc3 d6 4. e4 Nf6 5. h3 O-O 6. Bg5 c6 7. Nf3 {[%cal Bg1f3,Bf3d2,Bd2f1,Bf1g3][%mdl 32]} e5 8. d5 Na6 9. Be2 h6 10. Be3 Nc5 11. Nd2 a5 12. g4 Bd7 13. h4 {E90: King's Indian: Classical: Early deviations and 6 h3} Nh7 (13... cxd5 14. cxd5 Rc8 15. f3 h5 16. g5 Ne8 17. a4 f6 18. Nb3 fxg5 19. Nxc5 dxc5 20. Bxg5 Qb6 {½-½ (52) Gupta,A (2627)-Mamedov,R (2679) Khanty-Mansiysk 2011}) 14. Nf1 a4 (14... cxd5 $11 15. cxd5 a4) 15. Ng3 $16 Qa5 $146 (15... cxd5 16. Nxd5 f5 17. gxf5 gxf5 18. Nxf5 Bxf5 19. exf5 e4 20. Rg1 Kh8 21. Bd4 Nd3+ 22. Qxd3 Qa5+ 23. Kf1 exd3 24. Bxg7+ Kg8 25. Bc3+ Kf7 26. Bh5# {1-0 (26) Schuh,D (2270)-Wokrina,A Dresden 2005}) 16. Bd2 Qd8 17. Be3 (17. Kf1 $14) 17... Qa5 $1 18. Bd2 ({White should try} 18. Qd2 $16) 18... Qd8 $1 $14 19. Be3 Qa5 $1 20. Bd2 (20. Qd2 $16) 1/2-1/2

[Event "EIWCC 2017"]
[Site "Riga"]
[Date "2017.04.12"]
[Round "2"]
[White "Gaponenko, Inna"]
[Black "Movileanu, Daniela"]
[Result "1/2-1/2"]
[WhiteElo "2416"]
[BlackElo "2213"]
[Annotator "ChessBase"]
[PlyCount "87"]
[EventDate "2017.??.??"]
[EventType "swiss"]
[EventCountry "LAT"]
[SourceTitle "playchess.com"]
[Source "ChessBase"]
[SourceQuality "1"]
[TimeControl "40/5400+30:1800+30"]

1. e4 {[%emt 0:00:00]} c5 {[%emt 0:00:11]} 2. Ne2 {[%emt 0:00:00]} g6 {[%emt 0:00:28]} 3. d4 {[%emt 0:00:00]} cxd4 {[%emt 0:00:19]} 4. Nxd4 {[%emt 0:00:08]} Nc6 {[%emt 0:00:20]} 5. Nc3 {[%emt 0:00:14]} Bg7 {[%emt 0:00:19]} 6. Be3 {[%emt 0:00:06]} Nf6 {[%emt 0:00:32]} 7. Bc4 {[%emt 0:00:10]} O-O {[%emt 0:00:25]} 8. Bb3 {[%emt 0:00:15]} a5 {[%emt 0:00:35]} 9. f3 {[%emt 0:01:46]} d5 {[%emt 0:01:47]} 10. Bxd5 {[%emt 0:01:21]} Nxd5 {[%emt 0:00:41]} 11. exd5 {[%emt 0:00:05]} Nb4 {[%emt 0:00:30]} 12. Nde2 {[%emt 0:00:07]} e6 {[%emt 0:01:40]} 13. O-O {[%emt 0:00:41]} Nxd5 {[%emt 0:00:42]} 14. Nxd5 {[%emt 0:00:06]} Qxd5 {[%emt 0:01:24]} 15. Qxd5 {[%emt 0:00:24]} exd5 {[%emt 0:00:06]} 16. c3 {[%emt 0:15:01]} Re8 {[%emt 0:07:48]} 17. Kf2 {[%emt 0:01:43]} b5 {[%emt 0:03:00]} 18. Bd4 {[%emt 0:25:42]} Bh6 {[%emt 0:13:31]} 19. g3 {[%emt 0:05:35]} b4 {[%emt 0:05:25]} 20. Nf4 {[%emt 0:01:23]} Bxf4 {[%emt 0:07:43]} 21. gxf4 {[%emt 0:00:01]} Bf5 {[%emt 0:00:29]} 22. Rfe1 {[%emt 0:16:20]} Re6 {[%emt 0:12:06]} 23. Rxe6 {[%emt 0:20:33]} fxe6 {[%emt 0:01:19]} 24. cxb4 {[%emt 0:00:12]} axb4 {[%emt 0:00:19]} 25. Rc1 {[%emt 0:00:36]} h5 {[%emt 0:12:53]} 26. h4 {[%emt 0:00:35]} Rxa2 {[%emt 0:02:09]} 27. Rc8+ {[%emt 0:04:19]} Kf7 {[%emt 0:00:10]} 28. Rc7+ {[%emt 0:00:49]} Ke8 {[%emt 0:01:12]} 29. Rb7 {[%emt 0:00:05]} Ra1 {[%emt 0:07:49]} 30. Be5 {[%emt 0:03:01]} b3 {[%emt 0:06:27]} 31. Rxb3 {[%emt 0:00:57]} Kd7 {[%emt 0:00:25]} 32. Rb6 {[%emt 0:00:14]} Rb1 {[%emt 0:01:43]} 33. b4 {[%emt 0:02:21]} Rb3 {[%emt 0:04:46]} 34. b5 {[%emt 0:00:30]} Bd3 {[%emt 0:00:45]} 35. Rb7+ {[%emt 0:00:47]} Kc8 {[%emt 0:00:17]} 36. Rb8+ {[%emt 0:00:30]} Kd7 {[%emt 0:00:11]} 37. Rb7+ {[%emt 0:00:43]} Kc8 {[%emt 0:00:09]} 38. Rb8+ {[%emt 0:00:05]} Kd7 {[%emt 0:00:04]} 39. b6 {[%emt 0:01:06]} Ba6 {[%emt 0:01:51]} 40. Bd4 {[%emt 0:00:00]} Rb4 {[%emt 0:01:18]} 41. Ke3 {[%emt 0:01:24]} Rb3+ {[%emt 0:03:46]} 42. Kf2 {[%emt 0:00:05]} Rb4 {[%emt 0:00:20]} 43. Ke3 {[%emt 0:02:45]} Rb3+ {[%emt 0:00:46]} 44. Kf2 {[%emt 0:00:04]} 1/2-1/2

[Event "EIWCC 2017"]
[Site "Riga"]
[Date "2017.04.12"]
[Round "2"]
[White "Vega Gutierrez, Sabrina"]
[Black "Isgandarova, Khayala"]
[Result "0-1"]
[WhiteElo "2413"]
[BlackElo "2211"]
[Annotator "ChessBase"]
[PlyCount "86"]
[EventDate "2017.??.??"]
[EventType "swiss"]
[EventCountry "LAT"]
[SourceTitle "playchess.com"]
[Source "ChessBase"]
[SourceQuality "1"]
[TimeControl "40/5400+30:1800+30"]

1. e4 {[%emt 0:00:00]} e6 {[%emt 0:00:14]} 2. d4 {[%emt 0:00:00]} d5 {[%emt 0:00:08]} 3. Nc3 {[%emt 0:00:00]} Nf6 {[%emt 0:00:08]} 4. Bg5 {[%emt 0:00:05]} Be7 {[%emt 0:00:05]} 5. e5 {[%emt 0:00:12]} Nfd7 {[%emt 0:00:05]} 6. h4 {[%emt 0:00:13]} h6 {[%emt 0:07:09]} 7. Bxe7 {[%emt 0:00:17]} Qxe7 {[%emt 0:00:03]} 8. Qg4 {[%emt 0:03:13]} O-O {[%emt 0:03:23]} 9. Nf3 {[%emt 0:11:59]} c5 {[%emt 0:03:58]} 10. dxc5 {[%emt 0:12:10]} Qxc5 {[%emt 0:22:48]} 11. Bd3 {[%emt 0:17:08]} Nc6 {[%emt 0:00:54]} 12. Qg3 {[%emt 0:03:23]} d4 {[%emt 0:16:54]} 13. Ne4 {[%emt 0:00:30]} Qa5+ {[%emt 0:00:07]} 14. Kf1 {[%emt 0:13:08]} Ncxe5 {[%emt 0:07:52]} 15. Nxd4 {[%emt 0:00:27]} Qd5 {[%emt 0:03:30]} 16. Nb5 {[%emt 0:02:55]} Nxd3 {[%emt 0:04:43]} 17. Qxd3 {[%emt 0:12:45]} Qxd3+ {[%emt 0:07:06]} 18. cxd3 {[%emt 0:00:02]} Rd8 {[%emt 0:03:32]} 19. f4 {[%emt 0:04:21]} a6 {[%emt 0:03:34]} 20. Nbc3 {[%emt 0:02:10]} e5 {[%emt 0:00:33]} 21. g3 {[%emt 0:08:15]} exf4 {[%emt 0:05:58]} 22. gxf4 {[%emt 0:00:02]} Nf8 {[%emt 0:00:05]} 23. Ke2 {[%emt 0:00:49]} Bg4+ {[%emt 0:02:24]} 24. Ke3 {[%emt 0:00:44]} f5 {[%emt 0:00:35]} 25. Nf2 {[%emt 0:01:31]} Re8+ {[%emt 0:00:10]} 26. Kd2 {[%emt 0:00:45]} Bh5 {[%emt 0:00:05]} 27. Nfd1 {[%emt 0:02:54]} Ng6 {[%emt 0:05:50]} 28. Ne3 {[%emt 0:00:03]} Nxf4 {[%emt 0:00:07]} 29. Raf1 {[%emt 0:00:47]} Ne6 {[%emt 0:01:35]} 30. Rxf5 {[%emt 0:00:37]} Bg6 {[%emt 0:00:15]} 31. Re5 {[%emt 0:02:38]} Nf4 {[%emt 0:00:42]} 32. Rxe8+ {[%emt 0:00:07]} Rxe8 {[%emt 0:00:11]} 33. Ncd5 {[%emt 0:00:44]} Nxd3 {[%emt 0:00:53]} 34. Rg1 {[%emt 0:01:30]} Ne5 {[%emt 0:00:03]} 35. Kc3 {[%emt 0:00:35]} Kh7 {[%emt 0:00:54]} 36. Nf4 {[%emt 0:00:28]} Nf3 {[%emt 0:00:46]} 37. Rxg6 {[%emt 0:00:18]} Rxe3+ {[%emt 0:00:02]} 38. Kc2 {[%emt 0:00:34]} Re4 {[%emt 0:00:09]} 39. Rb6 {[%emt 0:00:40]} Rxf4 {[%emt 0:00:09]} 40. Rxb7 {[%emt 0:00:01]} Nxh4 {[%emt 0:30:41]} 41. Ra7 {[%emt 0:30:18]} Rf6 {[%emt 0:00:09]} 42. b4 {[%emt 0:00:24]} Nf5 {[%emt 0:00:13]} 43. a4 {[%emt 0:00:03]} h5 {[%emt 0:00:25]} 0-1

[Event "EIWCC 2017"]
[Site "Riga"]
[Date "2017.04.12"]
[Round "2"]
[White "Melia, Salome"]
[Black "Paramzina, Anastasya"]
[Result "1-0"]
[WhiteElo "2400"]
[BlackElo "2202"]
[Annotator "ChessBase"]
[PlyCount "63"]
[EventDate "2017.??.??"]
[EventType "swiss"]
[EventCountry "LAT"]
[SourceTitle "playchess.com"]
[Source "ChessBase"]
[SourceQuality "1"]
[TimeControl "40/5400+30:1800+30"]

1. e4 {[%emt 0:00:00]} c5 {[%emt 0:00:41]} 2. Nf3 {[%emt 0:00:00]} d6 {[%emt 0:00:07]} 3. Bb5+ {[%emt 0:00:00]} Bd7 {[%emt 0:00:04]} 4. Bxd7+ {[%emt 0:00:00]} Qxd7 {[%emt 0:00:04]} 5. c4 {[%emt 0:00:00]} Nc6 {[%emt 0:00:12]} 6. Nc3 {[%emt 0:02:09]} g6 {[%emt 0:00:06]} 7. d4 {[%emt 0:00:31]} cxd4 {[%emt 0:00:06]} 8. Nxd4 {[%emt 0:00:06]} Bg7 {[%emt 0:00:11]} 9. Be3 {[%emt 0:00:10]} Nf6 {[%emt 0:00:05]} 10. f3 {[%emt 0:00:06]} O-O {[%emt 0:00:14]} 11. O-O {[%emt 0:00:08]} a6 {[%emt 0:00:42]} 12. a4 {[%emt 0:00:45]} e6 {[%emt 0:02:51]} 13. Nxc6 {[%emt 0:00:17]} Qxc6 {[%emt 0:02:17]} 14. Qd3 {[%emt 0:00:37]} Nd7 {[%emt 0:02:04]} 15. b3 {[%emt 0:00:33]} Ne5 {[%emt 0:07:12]} 16. Qd2 {[%emt 0:02:40]} f5 {[%emt 0:03:47]} 17. exf5 {[%emt 0:04:01]} gxf5 {[%emt 0:00:27]} 18. Rad1 {[%emt 0:01:42]} Rad8 {[%emt 0:02:07]} 19. Kh1 {[%emt 0:04:11]} Qe8 {[%emt 0:41:21]} 20. Bd4 {[%emt 0:10:50]} Qh5 {[%emt 0:03:30]} 21. Qe2 {[%emt 0:15:29]} Kf7 {[%emt 0:07:35]} 22. c5 {[%emt 0:04:49]} Qh4 {[%emt 0:04:57]} 23. cxd6 {[%emt 0:17:25]} Nxf3 {[%emt 0:01:35]} 24. Qxf3 {[%emt 0:06:36]} Bxd4 {[%emt 0:00:04]} 25. Qxb7+ {[%emt 0:00:30]} Kg8 {[%emt 0:00:19]} 26. Qe7 {[%emt 0:10:19]} Qf6 {[%emt 0:04:24]} 27. Ne4 {[%emt 0:01:32]} Qg6 {[%emt 0:02:33]} 28. d7 {[%emt 0:09:23]} Be3 {[%emt 0:11:15]} 29. Rf3 {[%emt 0:03:36]} Qf7 {[%emt 0:00:39]} 30. Rg3+ {[%emt 0:01:52]} Kh8 {[%emt 0:00:12]} 31. Qxf7 {[%emt 0:01:25]} Rxf7 {[%emt 0:00:04]} 32. Nd6 {[%emt 0:00:42]} 1-0

[Event "EIWCC 2017"]
[Site "Riga"]
[Date "2017.04.12"]
[Round "2"]
[White "Houska, Jovanka"]
[Black "Pavlidou, Ekaterini"]
[Result "1/2-1/2"]
[WhiteElo "2397"]
[BlackElo "2180"]
[Annotator "ChessBase"]
[PlyCount "131"]
[EventDate "2017.??.??"]
[EventType "swiss"]
[EventCountry "LAT"]
[SourceTitle "playchess.com"]
[Source "ChessBase"]
[SourceQuality "1"]
[TimeControl "40/5400+30:1800+30"]

1. d4 {[%emt 0:00:00]} Nf6 {[%emt 0:00:15]} 2. Nf3 {[%emt 0:00:00]} g6 {[%emt 0:00:11]} 3. c4 {[%emt 0:00:04]} Bg7 {[%emt 0:00:48]} 4. g3 {[%emt 0:00:04]} d5 {[%emt 0:01:27]} 5. cxd5 {[%emt 0:00:20]} Nxd5 {[%emt 0:00:09]} 6. Bg2 {[%emt 0:00:04]} Nb6 {[%emt 0:00:55]} 7. Nc3 {[%emt 0:02:00]} O-O {[%emt 0:00:52]} 8. O-O {[%emt 0:00:18]} Nc6 {[%emt 0:00:11]} 9. e3 {[%emt 0:00:25]} Re8 {[%emt 0:00:19]} 10. h3 {[%emt 0:00:08]} e5 {[%emt 0:18:42]} 11. d5 {[%emt 0:00:57]} Nb4 {[%emt 0:03:30]} 12. e4 {[%emt 0:01:49]} c6 {[%emt 0:02:21]} 13. a3 {[%emt 0:03:26]} Na6 {[%emt 0:03:37]} 14. Bg5 {[%emt 0:12:16]} f6 {[%emt 0:03:54]} 15. Be3 {[%emt 0:02:04]} Nc4 {[%emt 0:03:05]} 16. Bc1 {[%emt 0:06:52]} cxd5 {[%emt 0:03:42]} 17. Nxd5 {[%emt 0:05:16]} Be6 {[%emt 0:00:44]} 18. Qe2 {[%emt 0:10:38]} Nd6 {[%emt 0:22:09]} 19. Rd1 {[%emt 0:05:28]} Nc7 {[%emt 0:01:35]} 20. Be3 {[%emt 0:05:49]} Nxd5 {[%emt 0:00:14]} 21. exd5 {[%emt 0:00:24]} Bd7 {[%emt 0:00:19]} 22. b3 {[%emt 0:08:02]} Rc8 {[%emt 0:07:17]} 23. Qe1 {[%emt 0:05:34]} Bf5 {[%emt 0:01:36]} 24. Rdc1 {[%emt 0:01:44]} Qd7 {[%emt 0:00:26]} 25. Kh2 {[%emt 0:07:49]} Bf8 {[%emt 0:04:48]} 26. a4 {[%emt 0:03:30]} Bc2 {[%emt 0:04:58]} 27. Nd2 {[%emt 0:00:48]} b5 {[%emt 0:02:43]} 28. axb5 {[%emt 0:07:27]} Nxb5 {[%emt 0:00:07]} 29. Ne4 {[%emt 0:03:53]} Bxe4 {[%emt 0:03:15]} 30. Bxe4 {[%emt 0:00:04]} Nd4 {[%emt 0:01:25]} 31. Rxc8 {[%emt 0:04:01]} Rxc8 {[%emt 0:00:06]} 32. Bxd4 {[%emt 0:00:32]} exd4 {[%emt 0:00:06]} 33. Qd2 {[%emt 0:00:22]} Bc5 {[%emt 0:02:06]} 34. Rc1 {[%emt 0:03:02]} Bb6 {[%emt 0:00:21]} 35. Rc6 {[%emt 0:00:13]} Rxc6 {[%emt 0:01:19]} 36. dxc6 {[%emt 0:00:03]} Qd6 {[%emt 0:00:42]} 37. Qd3 {[%emt 0:01:02]} Kg7 {[%emt 0:00:47]} 38. h4 {[%emt 0:00:57]} f5 {[%emt 0:03:13]} 39. Bf3 {[%emt 0:00:33]} Qc5 {[%emt 0:02:54]} 40. Kg2 {[%emt 0:00:00]} Kf6 {[%emt 0:00:52]} 41. Qd2 {[%emt 0:08:56]} Kg7 {[%emt 0:10:22]} 42. h5 {[%emt 0:10:08]} h6 {[%emt 0:00:54]} 43. hxg6 {[%emt 0:00:19]} Kxg6 {[%emt 0:00:22]} 44. Qe2 {[%emt 0:04:24]} Kf6 {[%emt 0:00:50]} 45. Qd2 {[%emt 0:03:42]} Kg7 {[%emt 0:00:37]} 46. b4 {[%emt 0:02:44]} Qd6 {[%emt 0:02:36]} 47. Qd3 {[%emt 0:00:21]} Kf6 {[%emt 0:03:36]} 48. b5 {[%emt 0:00:08]} Qe5 {[%emt 0:01:31]} 49. Qc4 {[%emt 0:00:44]} Kg7 {[%emt 0:00:10]} 50. Bh5 {[%emt 0:02:25]} Qe4+ {[%emt 0:01:35]} 51. Kh2 {[%emt 0:01:07]} Qe7 {[%emt 0:00:10]} 52. Qd5 {[%emt 0:00:46]} Kf6 {[%emt 0:00:17]} 53. Qg8 {[%emt 0:01:25]} Ke5 {[%emt 0:07:12]} 54. Qh8+ {[%emt 0:00:39]} Kd5 {[%emt 0:02:21]} 55. Qxh6 {[%emt 0:00:25]} Kc5 {[%emt 0:00:46]} 56. Qg6 {[%emt 0:01:01]} Kxb5 {[%emt 0:00:49]} 57. Qxf5+ {[%emt 0:00:31]} Kxc6 {[%emt 0:00:10]} 58. Bf3+ {[%emt 0:00:07]} Kc7 {[%emt 0:00:14]} 59. g4 {[%emt 0:00:48]} Qd6+ {[%emt 0:00:13]} 60. Kg2 {[%emt 0:00:03]} d3 {[%emt 0:00:52]} 61. Qf7+ {[%emt 0:00:54]} Kd8 {[%emt 0:00:39]} 62. g5 {[%emt 0:00:39]} d2 {[%emt 0:03:07]} 63. Bd1 {[%emt 0:00:38]} Bd4 {[%emt 0:01:02]} 64. g6 {[%emt 0:00:26]} Qf6 {[%emt 0:00:25]} 65. Qxf6+ {[%emt 0:00:14]} Bxf6 {[%emt 0:00:05]} 66. Kf3 {[%emt 0:00:02]} 1/2-1/2